[Event "London WFW"]
[Site "London"]
[Date "1990.??.??"]
[Round "?"]
[White "Hodgson, Julian M"]
[Black "Frias Pablaza, Victor J"]
[Result "0-1"]
[WhiteElo "2540"]
[BlackElo "2500"]
[Annotator "Ftacnik,L"]
[PlyCount "60"]
[EventDate "1990.04.??"]
[EventType "tourn"]
[EventRounds "13"]
[EventCountry "ENG"]
[EventCategory "11"]
[SourceTitle "CBM 018"]
[Source "ChessBase"]
[SourceDate "1990.10.01"]
[SourceVersion "1"]
[SourceVersionDate "1990.10.01"]
[SourceQuality "1"]

1. d4 Nf6 2. Bg5 d5 3. Bxf6 exf6 4. e3 Be6 (4... c5 5. dxc5 Bxc5 6. Nc3 Be6 7.
Bb5+ Nc6 8. Nge2 O-O 9. O-O Ne5 10. Nf4 $14 {Gurevich,M-Wolff,P/Palma GMA-op/
1989/  ->TD89_13}) 5. Bd3 c5 6. dxc5 Bxc5 7. Ne2 Nc6 8. O-O O-O 9. Nd2 (9. Nbc3
d4 10. Na4 b6 $10) 9... f5 10. Nb3 Bb6 11. c3 Qf6 12. a4 Rad8 13. a5 Bc7 14. a6
(14. Nc5 Bc8 15. a6 b6 $13) 14... b6 15. Nbd4 Ne5 16. Nf4 Bb8 17. Bb5 Rd6 $1 {
x c6} 18. Qe2 Rc8 19. Rfd1 g6 20. Ra4 Nd7 21. c4 $5 Nc5 (21... dxc4 22. Nfxe6
fxe6 23. Bxc4 $36) 22. cxd5 (22. Raa1 dxc4 23. Nfxe6 Nxe6 $10) 22... Bxd5 23.
Nxd5 Rxd5 24. Raa1 $6 (24. Rc4) 24... Be5 $1 25. Rac1 (25. b4 Ne4 {x c3}) 25...
Bxd4 26. exd4 Rxd4 27. Rxd4 Qxd4 28. Qe7 $2 (28. Rd1 Qf6 $17) 28... Qxb2 29.
Rxc5 Rxc5 30. Bf1 Qa1 {Ftacnik,L} 0-1

[Event "Interzonal-15"]
[Site "Manila"]
[Date "1990.??.??"]
[Round "13"]
[White "Rogers, Ian"]
[Black "Spasov, Vasil"]
[Result "0-1"]
[WhiteElo "2535"]
[BlackElo "2495"]
[Annotator "Ftacnik,L"]
[PlyCount "98"]
[EventDate "1990.06.29"]
[EventType "swiss"]
[EventRounds "13"]
[EventCountry "PHI"]
[SourceTitle "CBM 019"]
[Source "ChessBase"]
[SourceDate "1990.12.01"]
[SourceVersion "1"]
[SourceVersionDate "1990.12.01"]
[SourceQuality "1"]

1. d4 Nf6 2. Nf3 g6 3. Nc3 d5 4. Bf4 Bg7 5. e3 O-O 6. Be2 c6 7. Ne5 Nfd7 {N} (
7... Nbd7 8. O-O $14) 8. Qd2 f6 9. Nxd7 (9. Nd3 e5 10. Bg3 $22 e4 11. Nf4 Re8
12. h4 $14) 9... Nxd7 10. h4 e5 11. Bh2 (11. Bg3 f5 $1 $15) 11... Qe7 12. O-O-O
(12. h5 $5) 12... b5 $1 13. h5 Nb6 14. hxg6 hxg6 15. Bd3 e4 (15... b4 16. Bxg6
$5 bxc3 17. Qxc3 $44) 16. Be2 (16. Bf1 $5 b4 17. Ne2 Nc4 18. Qe1 {/\ Nf4})
16... b4 17. Nb1 a5 18. Bf4 Be6 19. Rh2 c5 20. dxc5 Qxc5 21. Bh6 (21. Rdh1 g5
$13) 21... Bxh6 22. Rxh6 Kg7 23. Rdh1 Bg8 $5 (23... Rh8 24. Rxh8 Rxh8 $10) 24.
f4 f5 (24... exf3 25. Bd3 $1) 25. R6h3 Rad8 26. Qe1 (26. Rd1 $13) 26... d4 27.
exd4 Qxd4 28. Qh4 Qf6 $1 29. Qh6+ Kf7 30. Rg3 $2 (30. b3 $1 Rd6 31. Rg3 Ke7 $13
) 30... Na4 31. c3 bxc3 32. Nxc3 (32. bxc3 Qb6 $1 33. Bc4+ Ke7 34. Bb3 Bxb3 35.
axb3 Qxb3 36. Qg7+ Rf7 37. Qe5+ Kd7 38. Rd1+ Kc8 $17) 32... Rc8 33. Rhh3 (33.
Rxg6 Rxc3+ $1 $19) 33... Qb6 $1 34. b3 Nxc3 35. Rxc3 Qg1+ 36. Kb2 Qd4 $1 37.
Qh8 (37. Kc2 Qf2 $1) 37... Qd2+ 38. Ka3 Qd6+ 39. Kb2 Qd2+ 40. Ka3 Qxe2 41. Qe5
Qa6 (41... Qd2 42. Rhd3 $1 Qxd3 $1 43. Rxd3 exd3 $17) 42. Rc7+ Rxc7 43. Qxc7+
Ke6 44. Qe5+ Kd7 45. Qg7+ Ke8 46. Rc3 Qd6+ 47. Kb2 Qf6 48. Qb7 Be6 49. Kc2 Bd7
{Ftacnik,L} 0-1

[Event "Vinkovci"]
[Site "Vinkovci"]
[Date "1995.??.??"]
[Round "?"]
[White "Kovacevic, Vlatko"]
[Black "Zelcic, Robert"]
[Result "1-0"]
[WhiteElo "2520"]
[BlackElo "2500"]
[Annotator "Ftacnik,L"]
[PlyCount "69"]
[EventDate "1995.04.??"]
[EventType "tourn"]
[EventRounds "11"]
[EventCountry "CRO"]
[EventCategory "9"]
[SourceTitle "CBM 048"]
[Source "ChessBase"]
[SourceDate "1995.10.01"]
[SourceVersion "1"]
[SourceVersionDate "1995.10.01"]
[SourceQuality "1"]

1. d4 {Baburin} d5 2. Bf4 e6 3. e3 Bd6 4. c3 (4. Bg3 Nf6 5. Bd3 (5. Nd2 Nbd7 (
5... O-O 6. Ngf3 Nc6 7. Bd3 Nb4 8. Be2 c5 9. c3 Nc6 10. Bd3 h6 11. O-O Re8 12.
Ne5 cxd4 13. exd4 Bxe5 14. dxe5 Nd7 15. Re1 Nc5 16. Bb1 b6 17. Qc2 g6 {Fritze,
B-Rausch,S/Dortmund op-A (07)/1992/0-1 (76)}) 6. Ngf3 Nh5 (6... Qe7 7. Ne5 Ne4
8. Nxe4 dxe4 9. Nc4 Bxg3 10. hxg3 b6 11. d5 exd5 12. Qxd5 Rb8 13. Qc6 b5 14.
Nd2 f5 15. Qxc7 O-O 16. O-O-O Rb7 17. Qc6 Ne5 $13 {Karlik,J-Netusil,M/CSR-chT/
1992/1-0 (30)}) 7. c3 Nxg3 8. hxg3 e5 9. dxe5 Nxe5 10. Nxe5 Bxe5 11. Be2 g6 12.
Bg4 f5 13. Bf3 c6 14. a4 O-O 15. Nb3 {Kovacevic,Vl-Diaz,JC/Vrnjacka Banja (02)/
1988/0-1 (38)}) 5... Qe7 6. Nf3 Nbd7 7. Ne5 c5 8. c3 O-O 9. Nd2 Bb8 10. O-O g6
11. f4 c4 12. Bc2 Nh5 13. Bf2 f5 14. g4 Nhf6 15. Bh4 {Cander,M-Plajnsek,M/
SLO-chJ/1992/1-0 (29)}) (4. Bxd6 cxd6 5. Qg4 Kf8 6. Qg3 Nc6 7. Nf3 Nf6 8. Nc3
Qe7 9. Be2 g6 10. O-O a6 11. Rad1 b5 12. Nd2 Bd7 13. a3 Kg7 14. Bf3 Rab8 {
De Francesco,K-Kuijf,M/Munich op9192 (01) 1992/1-0 (68)}) 4... Nc6 5. Nf3 Nge7
(5... Bxf4 6. exf4 Nf6 7. Bd3 $14) 6. h4 f6 7. Bxd6 Qxd6 8. c4 O-O (8... Qb4+
9. Qd2 dxc4 10. Na3 $14) 9. Nc3 Kh8 10. a3 a6 (10... dxc4 11. Bxc4 e5 12. Nb5
$16) 11. Qc2 f5 (11... b6 12. O-O-O $40) 12. c5 Qd8 13. Ne2 Qe8 14. h5 Ng8 15.
Nf4 Nf6 16. O-O-O {[%csl Gc1,Rh8] White is much better, since black K can
easily fall under strong attack while the counter action has much less
positional footing.} b6 17. Bd3 Bd7 18. Rh4 $1 Kg8 (18... Rb8 19. Rdh1 {/\ Ng6}
) 19. g4 $1 {Rather common idea in positions with K on opposite sides. P
advance opens g file and destroys black s defences. Baburin White starts his
attack first using the f5P as a target, which helps him to open the files on
the Kside.} Na5 (19... fxg4 $2 20. Ng5 h6 21. Bh7+ Kh8 22. Ng6+ $18) (19...
Nxg4 $2 20. Rxg4 fxg4 21. Bxh7+ Kh8 (21... Kf7 22. Bg6+) 22. Ng6+ Kxh7 23.
Nxf8+ Kg8 24. Nxd7 gxf3 25. Rg1 Qxd7 26. h6 $18) 20. Rg1 bxc5 (20... Ba4 21.
Qe2 fxg4 22. Ng5 {xe6}) 21. gxf5 {[%csl Ye5,Ye6,Yg7,Yh7] White has obviously
succeeded in his aim to destroy enemy s K. Lots of squares are under fire and
black is too slow with counterplay.} Ba4 (21... c4 22. fxe6 cxd3 (22... Ba4 23.
Qc3 Nb3+ 24. Kb1) 23. exd7 $18) 22. Qc3 Nb3+ 23. Kb1 c4 24. fxe6 $1 Qe7 (24...
cxd3 25. Qxc7 $18) 25. h6 g6 26. Bxg6 Kh8 (26... hxg6 27. Rxg6+ Kh8 28. Rg7 $18
) 27. Bf5 Be8 28. Rg7 Qd6 29. Rh1 Rg8 30. Rhg1 Rxg7 31. Rxg7 (31. hxg7+ Kg8 32.
Ng5 $18) 31... Rb8 32. Ka2 Qb6 33. Ng5 c5 $6 34. dxc5 Nxc5 35. Rxh7+ (35. Rxh7+
Kg8 36. Rh8+ $1 Kxh8 37. Qxf6+ Kg8 38. h7#) 1-0

[Event "Groningen"]
[Site "Groningen"]
[Date "1990.??.??"]
[Round "?"]
[White "Rogers, Ian"]
[Black "Fedorowicz, John P"]
[Result "1/2-1/2"]
[WhiteElo "2535"]
[BlackElo "2565"]
[Annotator "Ftacnik,L"]
[PlyCount "84"]
[EventDate "1990.12.??"]
[EventType "tourn"]
[EventRounds "9"]
[EventCountry "NED"]
[EventCategory "13"]
[SourceTitle "CBM 021"]
[Source "ChessBase"]
[SourceDate "1991.04.01"]
[SourceVersion "1"]
[SourceVersionDate "1991.04.01"]
[SourceQuality "1"]

1. d4 Nf6 2. Nf3 g6 3. Nc3 d5 4. Bf4 Bg7 5. e3 O-O 6. Be2 c5 7. dxc5 Qa5 8. Nd2
Qxc5 9. Nb3 Qb6 10. Nb5 $5 (10. Nxd5 $6 Nxd5 11. Qxd5 Bxb2 $17) 10... Ne8 $1 (
10... Na6 11. Be5 Bd7 12. Bd4) 11. Qxd5 Bxb2 12. Rb1 Bg7 13. O-O Nc6 14. c4 (
14. N5d4 $2 e5 $1 15. Nxc6 bxc6 $19) 14... Nf6 (14... Be6 15. Qc5 $14) 15. Qc5
e5 $1 16. Bg3 Ne4 17. Qxb6 (17. Qd5 Bf5 18. c5 Qd8 19. Qxd8 Rfxd8 20. Rbd1 $10)
17... axb6 18. a3 Bf5 19. Rbc1 Rfd8 20. c5 (20. Rfd1 Rxd1+ 21. Bxd1 (21. Rxd1
$2 Nxg3 22. hxg3 Bc2 $19) 21... Rd8 $15) 20... Be6 21. Bc4 Bxc4 22. Rxc4 Nxc5
23. Nxc5 bxc5 24. Rxc5 Ra5 $1 25. Rb1 $1 (25. Rfc1 Bf8 $1 $19) 25... Bf8 26.
Rcc1 Rd7 (26... Bxa3 27. Nxa3 Rxa3 28. Rxb7 Rc3 29. Rbb1 $10) 27. Rb3 f6 28. f4
(28. f3 b6 29. Be1 $10) 28... e4 29. Be1 Ra4 30. Kf1 f5 31. Ke2 Ra8 32. h3 h5
33. g3 Nd8 34. Bb4 Bxb4 35. Rxb4 Nc6 36. Rbb1 Rad8 37. Rd1 Rd3 38. Rxd3 Rxd3 (
38... exd3+ $2 39. Kd2 Na5 40. Rb4 $16) 39. a4 Na5 40. Rc1 Rb3 41. Rc7 Rb2+ 42.
Kf1 Rb1+ {Ftacnik,L} 1/2-1/2

[Event "Tata Steel-A 76th"]
[Site "Wijk aan Zee"]
[Date "2014.01.23"]
[Round "9"]
[White "Naiditsch, Arkadij"]
[Black "Harikrishna, Pentala"]
[Result "0-1"]
[WhiteElo "2718"]
[BlackElo "2706"]
[Annotator "Ftacnik,L"]
[PlyCount "38"]
[EventDate "2014.01.11"]
[EventType "tourn"]
[EventRounds "11"]
[EventCountry "NED"]
[EventCategory "20"]
[SourceTitle "CBM 159"]
[Source "ChessBase"]
[SourceDate "2014.03.17"]
[SourceVersion "1"]
[SourceVersionDate "2014.03.17"]
[SourceQuality "1"]

1. d4 Nf6 2. Nc3 d5 3. Bf4 Bf5 4. f3 e6 5. Qd2 Be7 {A rising proportion of
games on the highest level is being played with opening lines which are far
from the mainstream. Players are increasingly worried about the potential of
near-perfect preparation by the opponent with the help of computer programs.} (
5... Bd6 6. O-O-O Bxf4 7. Qxf4 Qd6 8. Qh4 h6 9. Kb1 Qe7 10. Qe1 Nbd7 11. e4
dxe4 12. fxe4 Bg4 13. Nf3 O-O-O 14. Rd3 {0-1 (37) Espig,L (2460)-Baumbach,F 
(2460) Goerlitz 1972}) (5... Bb4 6. e3 O-O 7. g4 Bxg4 8. fxg4 Ne4 9. Nxe4 Bxd2+
10. Nxd2 Qh4+ 11. Bg3 Qxg4 12. Be2 Qg5 $17 {0-1 (35) Ilic,I-Jamieson,R (2455)
Sydney 1992}) 6. O-O-O Nc6 {Harikrishna does correctly presume, that it can
not be such a great idea to start active operations with moves like 6..c5
while still lagging in development of pieces.} (6... O-O 7. g4 Bg6 8. h4 h5 9.
g5 Nfd7 10. e3 a6 11. Nh3 c5 12. Bxb8 Rxb8 13. Nf4 cxd4 14. exd4 Bb4 15. Bd3
Qb6 16. Bxg6 fxg6 17. Qe3 Bxc3 18. bxc3 $11 {1/2 (39) Barnes,J (2248)
-Strenzwilk,D (2121) Parsippany 2008}) (6... c5 7. dxc5 Nc6 8. e4 dxe4 9. Qe2
Qa5 10. fxe4 Bg4 11. Nf3 $11) 7. Qe1 $5 (7. g4 Bg6 8. a3 h6 9. h4 Qd7 10. e3 a6
11. Nh3 O-O-O $11) 7... Bg6 8. Nh3 {Naiditsch is a creative player and the
prepared 8.e4! in this moment would at least achieve the main goal of
expansion in the centre. Unfortunately the German player was playing in Wijk
without success and his confidence was correspondingly low.} (8. e4 $1 O-O (
8... dxe4 9. fxe4 Nxd4 $2 10. Nb5 $14) 9. Qe3 a6 10. Nge2 $11) 8... O-O 9. Nf2
$2 {[%mdl 2048] The knight retreat to f2 is outright clumsy and Black will
lose no time in pointing it out. The modest 9.e3 was still perfectly fine even
though White could not have aspired to any advantage.} (9. e4 dxe4 10. fxe4
Nxd4 11. Be3 c5 $15) (9. e3 Nb4 10. e4 c5 11. dxc5 Nc6 $11) 9... Nh5 $1 10. Be3
Nb4 11. Rd2 $2 {If you are also percieving the white play as unharmonious, you
are getting the right message. After this artificial move Harikrishna can
claim great superiority.} (11. Nd3 $1 c5 12. Kb1 Nf6 13. g4 cxd4 14. Bxd4 Nc6
$15) 11... c5 $1 12. g4 (12. a3 cxd4 13. Bxd4 Nc6 14. e3 Nf6 $17) 12... Nf6 13.
h4 Nd7 {Harikrishna is heading with the knight to the queenside and thus
escalating the problems for his opponent. Many lesser players would have been
tempted by the move 13...Rc8!? with the pressure along the semi-open file.} (
13... Rc8 $5 14. a3 (14. h5 cxd4 15. Bxd4 Nxc2 16. Rxc2 Bxc2 17. Kxc2 e5 18.
Bxe5 d4 $17) 14... Nxc2 15. Rxc2 cxd4 16. Bxd4 Bxc2 17. Kxc2 e5 18. Bxe5 d4 19.
e4 Qb6 $17) 14. f4 (14. h5 Nxc2 15. Rxc2 Bxc2 16. Kxc2 cxd4 17. Bxd4 e5 $17)
14... Bf6 15. Qd1 {A true indication, that White has given up on his hopes for
the outcome of this game. It was objectively tougher for Black to solve to
tactical intricacies after 15.f5.} (15. f5 exf5 16. h5 f4 $1 17. Bxf4 cxd4 18.
Nb5 Qa5 $1 (18... Be4 19. Nxe4 dxe4 $17) 19. hxg6 Qxa2 20. Rd1 Qa1+ 21. Kd2
Qxb2 22. Rc1 fxg6 $19) 15... Nb6 16. dxc5 {Naiditsch did not see how to hold
his d4-square, but opening up the diagonal for the black bishop will result in
his getting very short shrift.} (16. h5 Nc4 (16... Bxc2 17. Rxc2 Nc4 18. Bd2
Nxc2 19. Kxc2 cxd4 $19) 17. hxg6 (17. Rh3 Qb6 18. b3 (18. dxc5 Nxa2+ $19) 18...
Nxe3 19. Rxe3 cxd4 $19) 17... Nxe3 18. Qe1 cxd4 $19) (16. b3 cxd4 17. Bxd4 Rc8
18. h5 Bxd4 19. Rxd4 Bxc2 20. Qd2 Rxc3 21. Rxb4 Qc7 $19) 16... Bxc3 (16... Nc4
17. Bd4 Nxa2+ 18. Nxa2 Qa5 19. c3 Qxa2 20. e4 Qa1+ 21. Kc2 Qxb2+ 22. Kd3 Bxe4+
23. Nxe4 dxe4+ 24. Ke2 (24. Kxc4 b5+ 25. cxb6 Rac8+ $19) 24... Nxd2 25. Qxd2
Qb3 $19) 17. cxb6 (17. bxc3 Nxa2+ 18. Kb2 Nc4+ $19) 17... axb6 {The attacker
has too many ways leading to a completely winning position. His choice of the
prosaic line can not be criticised in the least.} (17... Qd7 18. f5 Nxa2+ 19.
Kb1 Bxb2 20. c4 (20. Kxa2 axb6+ 21. Kxb2 Qb5+ $19) 20... Nc3+ 21. Kxb2 Nxd1+
22. Nxd1 Qa4 $19) 18. bxc3 (18. Bd4 Nxa2+ 19. Kb1 Qe8 20. f5 (20. Rd3 Qa4 21.
b3 Qa3 22. Rxc3 Nxc3+ 23. Bxc3 Rfc8 24. Bb2 Bxc2+ 25. Qxc2 Qa2+ 26. Kc1 Qxb3
$19) 20... Qa4 21. fxg6 Nb4 $19) 18... Nxa2+ 19. Kb2 Qd6 {Should any player
hit bad form during a tournament, it might be safer to resort to well-known
opening positions after all. The chances of surviving beyond the 20th move
must then be significantly higher...} 0-1

[Event "DEN-ch"]
[Site "Odense"]
[Date "1994.??.??"]
[Round "6"]
[White "Nielsen, Peter Heine"]
[Black "Danielsen, Henrik"]
[Result "0-1"]
[WhiteElo "2475"]
[BlackElo "2480"]
[Annotator "Ftacnik,L"]
[PlyCount "62"]
[EventDate "1994.07.??"]
[EventType "tourn"]
[EventRounds "9"]
[EventCountry "DEN"]
[EventCategory "10"]
[SourceTitle "CBM 041"]
[Source "ChessBase"]
[SourceDate "1994.08.01"]
[SourceVersion "1"]
[SourceVersionDate "1994.08.01"]
[SourceQuality "1"]

1. d4 Nf6 2. Bg5 d5 3. Bxf6 exf6 4. e3 c6 5. c4 dxc4 6. Bxc4 Bd6 7. Nc3 O-O 8.
Qc2 f5 9. Nf3 Nd7 10. h3 (10. Qxf5 Ne5 $19) 10... Nf6 11. O-O-O Qa5 12. Kb1 b5
13. Bd3 Rb8 14. Nd2 $1 (14. Bxf5 $2 b4 $19) 14... g6 15. g4 (15. Rc1 Be6) 15...
fxg4 16. hxg4 Nxg4 17. Nde4 Be7 18. f3 b4 $1 (18... Nxe3 19. Qh2 h5 20. Qxb8
$16) 19. fxg4 bxc3 20. Nxc3 Bxg4 $1 21. Rdg1 f5 $1 22. Rxg4 (22. Qh2 h5 {/\ Qc3
}) 22... fxg4 23. Bxg6 Qg5 24. Bxh7+ Kg7 25. Ne4 $2 (25. Bd3 $15) 25... Qxe3
26. Ng3 $2 Rxb2+ $1 27. Qxb2 (27. Kxb2 Rb8+ $19) 27... Qxg3 28. Qc2 Qd6 $1 (
28... Rb8+ 29. Ka1 Qd6 30. Qe4 $1) 29. Bd3 (29. Bg8 Rxg8 30. Rh7+ Kf8 31. Qf5+
Qf6 32. Qc8+ Bd8 33. Rd7 Ke8 $19) 29... Rb8+ 30. Kc1 Qf4+ 31. Qd2 Ba3+ (31...
Ba3+ 32. Kd1 Qf3+ $19) 0-1

[Event "Prague Bohemians-A"]
[Site "Prague"]
[Date "1990.??.??"]
[Round "?"]
[White "Klaric, Zlatko"]
[Black "Finegold, Benjamin"]
[Result "1/2-1/2"]
[WhiteElo "2400"]
[BlackElo "2445"]
[Annotator "Ftacnik,L"]
[PlyCount "103"]
[EventDate "1990.01.??"]
[EventType "tourn"]
[EventRounds "13"]
[EventCountry "CZE"]
[EventCategory "8"]
[SourceTitle "CBM 017"]
[Source "ChessBase"]
[SourceDate "1990.08.01"]
[SourceVersion "1"]
[SourceVersionDate "1990.08.01"]
[SourceQuality "1"]

1. d4 d5 2. Bf4 Nf6 3. e3 c5 4. c3 Nc6 5. Bd3 g6 6. h3 Qb6 7. Qc1 $5 (7. Qb3
Bg7) 7... Nh5 (7... Bg7 8. Nf3 O-O 9. Nbd2) 8. Bh2 Bh6 9. g4 Nf6 10. Nd2 cxd4
11. exd4 (11. cxd4 $6 Nb4 12. Be2 Bd7 {/\ Rc8-/+}) 11... Bd7 12. f4 Bg7 13.
Ngf3 h5 $1 (13... O-O 14. O-O $14) 14. g5 Ne4 15. Nxe4 dxe4 16. Bxe4 Bxh3 17.
Qc2 Bg4 (17... O-O 18. f5 $1 $40) 18. O-O Rc8 19. Qf2 Bxf3 20. Qxf3 (20. Bxf3
$2 Nxd4 $1) 20... e6 21. Rf2 O-O 22. d5 (22. Kh1 $5 {/\ Rg1->}) 22... exd5 23.
Bxd5 Rce8 24. f5 Ne5 (24... Re3 25. Qg2 $40) 25. Bxe5 Rxe5 26. fxg6 Rxg5+ 27.
Kh1 Qxg6 28. Raf1 Kh8 29. Bxf7 Qh6 $6 (29... Qc6 $1 $10) 30. Qxb7 Qd6 31. Rg2
Qe5 32. Rxg5 Qxg5 33. Qe4 Rd8 34. Qf4 Qb5 35. Qf5 Qc6+ 36. Qf3 Qxf3+ 37. Rxf3
Rd2 $14 38. Rh3 Bf6 39. b4 Rc2 40. Rxh5+ Kg7 41. Bb3 Rxc3 42. Rd5 Rc7 43. Kg2
Kf8 44. Kf3 Bc3 45. Rb5 Ke7 46. Ke4 Kd6 47. a4 Be1 48. Kd4 Rh7 49. Rd5+ Kc7 50.
Rc5+ Kd6 51. Ra5 Rh4+ 52. Kd3 {Ftacnik,L} 1/2-1/2

[Event "YUG-ch"]
[Site "Tivat"]
[Date "1994.??.??"]
[Round "3"]
[White "Miladinovic, Igor"]
[Black "Abramovic, Bosko"]
[Result "0-1"]
[WhiteElo "2480"]
[BlackElo "2500"]
[Annotator "Ftacnik,L"]
[PlyCount "124"]
[EventDate "1994.03.??"]
[EventType "tourn"]
[EventRounds "13"]
[EventCountry "YUG"]
[EventCategory "10"]
[SourceTitle "CBM 043"]
[Source "ChessBase"]
[SourceDate "1994.12.01"]
[SourceVersion "1"]
[SourceVersionDate "1994.12.01"]
[SourceQuality "1"]

1. d4 Nf6 2. Bg5 d5 3. Bxf6 exf6 4. e3 c6 5. c4 dxc4 6. Bxc4 Nd7 $5 (6... Bd6)
7. Nc3 Bd6 8. Nf3 O-O 9. Qc2 Nb6 10. Bd3 (10. Bb3 Be6) 10... g6 (10... h6) 11.
h4 Nd5 $1 12. Nxd5 $1 (12. a3 $6 Qa5 13. Ke2 Nxc3+ 14. bxc3 Bg4 $13) 12... cxd5
13. h5 Qc7 14. hxg6 fxg6 15. Qb3 Be6 16. Ke2 (16. e4 Rfe8) 16... Qb6 17. Qxb6
axb6 18. Nd2 Kg7 19. a3 (19. Bc2 $142 $14 {/\ Bb3 ><d5}) 19... h5 20. Rac1 $6
Rac8 21. Rxc8 Rxc8 $10 22. Nb1 g5 23. Kd2 h4 24. Nc3 f5 25. Bc2 Rd8 26. Bb3 Bb8
27. Ke2 Bf7 28. Rc1 f4 29. e4 $6 (29. Rh1 fxe3 30. fxe3 $10) 29... dxe4 30.
Bxf7 f3+ $17 31. gxf3 exf3+ 32. Kxf3 Kxf7 33. Rd1 Kg6 {/\ Kf5} 34. Kg4 Rf8 35.
Rd2 (35. d5 Rf4+ 36. Kh3 Rxf2 37. d6 Kh5 38. Rd5 Bxd6 $19) 35... Rf4+ 36. Kh3
g4+ 37. Kg2 (37. Kxh4 g3+ 38. Kxg3 Rxd4+ $19) 37... h3+ 38. Kg1 Kf7 $1 39. d5 (
39. Nb5 Re4 40. Rd1 Re2 41. d5 h2+ 42. Kg2 g3 43. d6 gxf2 44. d7 Re1 $19) 39...
Be5 40. d6 (40. Re2 Bd4 41. Nb5 g3 42. Nxd4 h2+ 43. Kg2 gxf2 $19) 40... Rd4 $19
41. Rxd4 Bxd4 42. Ne4 Ke6 43. b3 Be5 44. Ng5+ Kxd6 45. Nf7+ Kd5 46. Nh6 g3 47.
fxg3 Bxg3 48. Nf7 Kd4 (48... Bf4 $142 $1 {No square for Nf7}) 49. Nd8 Kc3 50.
a4 Kxb3 51. a5 b5 $1 (51... bxa5 52. Nxb7 a4 53. Nc5+ $10) 52. Nxb7 Kc4 53. a6
Bb8 54. Kh1 b4 55. Nd6+ Kc5 56. Ne4+ Kb5 57. Nf2 b3 $1 (57... Kxa6 58. Nd3 $10)
58. Nd3 Ba7 59. Kh2 Kxa6 60. Kxh3 Kb5 61. Kg2 Kc4 62. Nb2+ Kc3 0-1

[Event "Hoogovens-B"]
[Site "Wijk aan Zee"]
[Date "1991.01.??"]
[Round "3"]
[White "Kuijf, Marinus"]
[Black "Van der Sterren, Paul"]
[Result "0-1"]
[WhiteElo "2440"]
[BlackElo "2475"]
[Annotator "Ftacnik,L"]
[PlyCount "90"]
[EventDate "1991.01.??"]
[EventType "tourn"]
[EventRounds "11"]
[EventCountry "NED"]
[EventCategory "9"]
[SourceTitle "CBM 022"]
[Source "ChessBase"]
[SourceDate "1991.06.01"]
[SourceVersion "1"]
[SourceVersionDate "1991.06.01"]
[SourceQuality "1"]

1. d4 d5 2. Bf4 c5 3. e3 Nc6 4. c3 Nf6 5. Bd3 Bg4 6. f3 Bh5 7. Ne2 (7. Qb3 Qc8
$13) 7... e6 8. O-O Bg6 9. Bxg6 hxg6 10. Nd2 Bd6 11. Nb3 $6 (11. Qb3 $10) 11...
Bxf4 12. Nxf4 c4 13. Nd2 Qc7 14. h3 e5 $1 15. Ne2 (15. dxe5 Qxe5 $17) 15... O-O
16. f4 (16. Qe1 exd4 17. exd4 Rfe8 18. Qf2 $15) 16... exd4 17. exd4 {xe4} Ne7
$1 18. Ng3 Nf5 19. Nxf5 gxf5 20. Qc2 g6 21. g3 Kg7 22. Rae1 Rh8 23. Kg2 Qd6 24.
Nf3 b5 25. Ng5 Rab8 26. Qe2 Rhe8 (26... b4 27. Qe5 $132) 27. Qd2 a5 28. Rxe8
Rxe8 29. Re1 Rxe1 30. Qxe1 b4 31. Qe5 $6 Qxe5 32. fxe5 Nd7 33. e6 (33. Kf3 Nb6
34. Ke3 Na4 35. cxb4 axb4 36. b3 Nc3 $19) 33... fxe6 34. Nxe6+ Kf7 35. Nc7 Nb6
36. Kf3 b3 37. a3 (37. axb3 cxb3 38. Ke2 Nc4 39. Nxd5 Nxb2 40. Kd2 a4 $19)
37... Na4 38. Nxd5 Nxb2 39. Ke2 g5 40. Kd2 Ke6 41. h4 f4 (41... Kxd5 42. h5 Ke6
43. d5+ Kf7 44. d6 Nd3 45. d7 Ke7 46. h6 Ne5 47. h7 Ng6 $19) 42. hxg5 fxg3 43.
Ke2 (43. Nf4+ Ke7 44. g6 Nd3 45. Ng2 Kf6 $19) (43. Ne3 Nd3 44. d5+ Kf7 45. d6
Ne5 $19) 43... g2 44. Kf2 Nd1+ 45. Kxg2 Ne3+ {Ftacnik,L} 0-1